| 000 | 01712aam a2200313 i 4500 | ||
|---|---|---|---|
| 001 | 768714001 | ||
| 003 | CO-MdFUSB | ||
| 005 | 20240912121034.0 | ||
| 007 | ta | ||
| 008 | 170407t1977 -us |||| |||| 00| 0 eng d | ||
| 020 | _a0853644241 | ||
| 040 |
_aCO-MdFUSB _bspa _cCO-MdFUSB _dCO-MdFUSBC _erda |
||
| 041 | 0 | _aeng | |
| 082 | 0 | 4 |
_a225.6 _223 _bM3671n |
| 100 | 1 |
_aMarshall, I. Howard _eautor |
|
| 245 | 1 | 0 |
_aNew Testament interpretation _b: essays on principles and methods _c/ I. Haward Marshall |
| 264 | 1 |
_aGrand Rapids, MI., USA: _bEerdmans, _c©1977 |
|
| 264 | 4 | _c©1977 | |
| 300 |
_a406 páginas _c; 23 cm |
||
| 336 |
_2rdacontent _atexto _btxt |
||
| 337 |
_2rdamedia _asin mediación _bn |
||
| 338 |
_2rdacarrier _avolumen _bnc |
||
| 505 |
_gParte I: _tLos antecedentes de la interpretación: _aLa historia del estudio del Nuevo Testamento. -- Presuposiciones de la crítica del Nuevo Testamento. _gParte II: _tEl uso de métodos críticos en la interpretación: _aSemántica e interpretación del Nuevo Testamento. -- Preguntas de introducción. -- El trasfondo religioso. -- Crítica histórica. -- Crítica de fuentes. -- Crítica de formas. -- Historia de la tradición. -- Crítica de la redacción. _gParte III: _tLa tarea de la exégesis: _aCómo utilizar el Nuevo Testamento al Antiguo. -- Enfoques de la exégesis del Nuevo Testamento. -- La exégesis en la práctica: dos ejemplos. _gParte IV: _tEl Nuevo Testamento y el lector moderno: _aDesmitologizar: el problema del mito en el Nuevo Testamento. -- La nueva hermenéutica. -- La autoridad del Nuevo Testamento. |
||
| 563 | _aRústico | ||
| 630 | 0 | 7 |
_aBiblia. _pNuevo Testamento |
| 942 | _cBK | ||
| 945 | _aJTF-925 | ||
| 999 |
_c33369 _d33369 |
||